| 000 -CABECERA |
| Longitud fija campo de control |
00644nam a2200205 a 4500 |
| 001 - NÚMERO DE CONTROL |
| Número de control |
2073 |
| 003 - IDENTIFICADOR DEL NÚMERO DE CONTROL |
| Identificador del número de control |
CDMR |
| 005 - FECHA Y HORA DE LA ÚLTIMA TRANSACCIÓN |
| Fecha y hora de la última transacción |
20151022114802.0 |
| 008 - CÓDIGOS DE INFORMACIÓN DE LONGITUD FIJA |
| Códigos de información de longitud fija |
130130s1991||||||||||||||||||||||||||||d |
| 020 ## - NÚMERO INTERNACIONAL NORMALIZADO PARA LIBROS |
| Número Internacional Normalizado para Libros (ISBN) |
8439316399 |
| 040 ## - FUENTE DE LA CATALOGACIÓN |
| Centro catalogador de origen |
CDMR |
| Lengua de catalogación |
cat |
| Centro transcriptor |
CDMR |
| 100 1# - PUNTO DE ACCESO PRINCIPAL-NOMBRE DE PERSONA |
| Nombre de persona |
Tudela, Xavier |
| 9 (RLIN) |
1233 |
| 245 13 - MENCIÓN DE TÍTULO |
| Título |
La informació a les institucions de la Comunitat Europea |
| Mención de responsabilidad, etc. |
Xavier Tudela |
| 260 ## - PUBLICACIÓN, DISTRIBUCIÓN, ETC. (PIE DE IMPRENTA) |
| Lugar de publicación, distribución, etc. |
Barcelona |
| Fecha de publicación, distribución, etc. |
1991 |
| Nombre del editor, distribuidor, etc. |
Generalitat de Catalunya. Centre d'Investigació de la Comunicació |
| 300 ## - DESCRIPCIÓN FÍSICA |
| Extensión |
84 p. |
| 490 0# - MENCIÓN DE SERIE |
| Mención de serie |
Informes |
| Designación de volumen o secuencia |
5 |
| 650 04 - PUNTO DE ACCESO ADICIONAL DE MATERIA - TÉRMINO DE MATERIA |
| 9 (RLIN) |
3870 |
| Término de materia o nombre geográfico como elemento inicial |
Comunicació en l'administració |
| Subdivisión geográfica |
Europa |
| 610 2# - PUNTO DE ACCESO ADICIONAL DE MATERIA - NOMBRE DE ENTIDAD CORPORATIVA |
| 9 (RLIN) |
2840 |
| Nombre de entidad corporativa o nombre de jurisdicción como elemento inicial |
Unió Europea |
| Subdivisió,n de materia general |
Organització |
| 942 ## - ENTRADA DE ELEMENTOS AGREGADOS (KOHA) |
| Koha [por defecto] tipo de item |
Monografies |
| Fuente de clasificaión o esquema |
|